MDQL
is popping MORE tags! Check the
thread
!
Quizzes
Events
Quiz Creation
Community
Videos
Private Events
Remove Ads
Sign In
Join for FREE
Feedback
Dark Mode
Quiz Categories
Sports
Geography
Music
Movies
Television
Just For Fun
Miscellaneous
History
Literature
Language
Science
Gaming
Entertainment
Religion
Holiday
For Kids
Quiz Lab
Recent
Popular Today
Quiz Kudos Today
Editor Picks
Curator Picks
Quizzes by...
Day
Popularity
Type
Ratings
Length
Year
Community
Subscriptions
Recent Discussions
Orange Saloon
Badges
Playlists
Quests
Create
Leaderboards
Showdown
Live 5
Trivia Bingo
Activity
Puzzle Library
Sporcle Events
Private Events
Virtual Trivia
Globe League
Become a Host
Pub Owners
SporcleCon
Opinionation
Our Games
Videos
Blog
Mobile Apps
Partnerships
Remove Ads and Go Orange
Feedback
Music
Pop Music
The Beatles
Song
Album
Lyrics
Bands
Singers
Artist
Clip
Rock
Rap
Classical
Billboard
Country Music
Kpop
Taylor Swift
Music
Pop Music
The Beatles
Song
Album
Lyrics
Bands
Singers
Artist
Clip
Rock
Rap
Classical
Billboard
Country Music
Kpop
Taylor Swift
Random Quiz
Search Sporcle
×
Quiz Lab
Quiz Lab
Music
War
Type in answers that appear in a list
Type in answers that appear in a list
Classic
Best Score? Go Orange.
'This Is War' Lyrics Stats
Can you name the 'This Is War' Lyrics?
By
Davidos
3m
152 Questions
507 Plays
507 Plays
507 Plays
Comments
Comments
Give Quiz Kudos
Give Quiz Kudos
-
- Ratings
hide this ad
Replay
Link that replays current quiz
Next Quiz
Link to next quiz in quiz playlist
You Got
0%
They Got
Avg Score
87%
Avg Friend Score
Upgrade to see
Score Distribution
Jump to the score distribution portion of the page
Score
0/152
Timer
03:00
0
Plays Today
Section
Lyrics
% Correct
Verse 1
the
99.2%
Verse 1
the
99.2%
Verse 1
the
99.2%
Verse 1
the
99.2%
Verse 1
the
99.2%
Verse 1
the
99.2%
Verse 1
the
99.2%
Prechorus
the
99.2%
Prechorus
the
99.2%
Prechorus
The
99.2%
Prechorus
the
99.2%
Prechorus
The
99.2%
Prechorus
the
99.2%
Chorus
the
99.2%
Chorus
the
99.2%
Chorus
the
99.2%
Chorus
the
99.2%
Chorus
the
99.2%
Chorus
the
99.2%
Chorus
the
99.2%
Verse 2
the
99.2%
Verse 2
the
99.2%
Verse 2
the
99.2%
Verse 2
the
99.2%
Verse 2
the
99.2%
Verse 2
the
99.2%
Verse 2
the
99.2%
Vocal Bridge
the
99.2%
Vocal Bridge
the
99.2%
Vocal Bridge
The
99.2%
Vocal Bridge
the
99.2%
Vocal Bridge
the
99.2%
Vocal Bridge
the
99.2%
Vocal Bridge
the
99.2%
Vocal Bridge
the
99.2%
Vocal Bridge
The
99.2%
Verse 1
war.
98.8%
Verse 1
war.
98.8%
Verse 2
war.
98.8%
Verse 2
war.
98.8%
Vocal Bridge
war
98.8%
Vocal Bridge
war
98.8%
Verse 1
to
98%
Verse 1
To
98%
Prechorus
to
98%
Prechorus
to
98%
Prechorus
to
98%
Prechorus
to
98%
Prechorus
to
98%
Prechorus
to
98%
Prechorus
to
98%
Section
Lyrics
% Correct
Prechorus
to
98%
Chorus
To
98%
Chorus
to
98%
Chorus
to
98%
Chorus
To
98%
Chorus
to
98%
Verse 2
to
98%
Verse 2
To
98%
Vocal Bridge
to
98%
Verse 1
is
97.8%
Verse 1
is
97.8%
Verse 2
is
97.8%
Verse 2
is
97.8%
Vocal Bridge
is
97.8%
Vocal Bridge
is
97.8%
Vocal Bridge
is
97.8%
Vocal Bridge
I
97.6%
Verse 1
A
97.4%
Chorus
a
97.4%
Verse 2
A
97.4%
Verse 1
this
97.2%
Verse 1
this
97.2%
Verse 2
this
97.2%
Verse 2
this
97.2%
Verse 1
and
95.4%
Prechorus
and
95.4%
Prechorus
and
95.4%
Prechorus
and
95.4%
Prechorus
fight
92.5%
Prechorus
fight
92.5%
Prechorus
fight
92.5%
Prechorus
fight
92.5%
Prechorus
FIGHT!
92.5%
Chorus
fight
92.5%
Vocal Bridge
fight
92.5%
Prechorus
of
91.1%
Chorus
of
91.1%
Prechorus
It's
90.9%
Chorus
it's
90.9%
Verse 1
good
90.1%
Verse 1
evil
90.1%
Verse 1
people
89.7%
Verse 1
warning
88.7%
Prechorus
moment
88.7%
Prechorus
moment
88.7%
Prechorus
moment
88.7%
Prechorus
moment
88.7%
Prechorus
moment
88.7%
Prechorus
moment
88.7%
Verse 2
warning
88.7%
Verse 1
victim
88.5%
Section
Lyrics
% Correct
Chorus
we
88.5%
Prechorus
live
87.7%
Prechorus
die.
86.9%
Chorus
will
86.9%
Chorus
left
86.7%
Chorus
right
85.9%
Chorus
death.
85.7%
Prechorus
lie.
85.3%
Prechorus
truth
85.1%
Chorus
edge
85.1%
Chorus
world
85%
Chorus
new
84.8%
Chorus
Earth
82.6%
Verse 1
soldier
82%
Verse 1
civilian
78.6%
Chorus
brave
77.8%
Verse 1
martyr
75.8%
Verse 2
messiah
72.1%
Verse 2
honest
70.3%
Verse 2
leader
70.3%
Chorus
from
69.1%
Chorus
last
68.9%
Verse 2
prophet
67.9%
Verse 2
liar
67.9%
Vocal Bridge
do
67.9%
Chorus
first.
67.7%
Vocal Bridge
believe
64.4%
Vocal Bridge
in
64.2%
Verse 2
pariah
63.6%
Vocal Bridge
won.
62.8%
Vocal Bridge
won.
62.8%
Vocal Bridge
your
61.8%
Vocal Bridge
your
61.8%
Verse 2
victor
60.8%
Vocal Bridge
hands
58.4%
Vocal Bridge
hands
58.4%
Vocal Bridge
Raise
58.2%
Vocal Bridge
done
57.8%
Vocal Bridge
light.
54.9%
Vocal Bridge
sky.
54.5%
Vocal Bridge
sun.
53.5%
Vocal Bridge
sun.
53.5%
Vocal Bridge
sun.
53.5%
Vocal Bridge
sun.
53.5%
Vocal Bridge
toward
51.5%
Vocal Bridge
Toward
51.5%
Vocal Bridge
Toward
51.5%
Vocal Bridge
Toward
51.5%
Vocal Bridge
Lift
49.3%
Vocal Bridge
up
44.8%
Quiz Playlist
Details
Report
Send in Message
Add To Playlist
Classic:
Type in answers that appear in a list
Last Updated: Feb 16, 2017
Quiz Scoreboard
CHALLENGE
Sign Up to Join the Scoreboard
Show All
Scores
Hide
Comments
May contain spoilers
Recently Published
Holiday 10x10 Sorting Gallery
by lukepisani3
Holiday
15m
Two Season TV Shows II
by 123Four
Television
10m
Image Sorting: Flags VI
by Barbecue
Geography
2m
More to Explore
Quiz From the Vault
Featured Blog Post
14 Easter Pick-up Lines to Find Eggs With
hide this ad
You Might Also Like...
Tags
Lyrics Quiz
Rock Quiz
Song Quiz
War Quiz
mars
Rock Band
Thirty
Today's Top Quizzes in Music
Browse Music
hide this ad
Today's Top Quizzes in War
Browse War
Top Contributed Quizzes in Music
1
5X2 Blitz: Bands II
2
Taylor Swift All Songs (2024)
3
5X2 Blitz: The Beatles
4
5X2 Blitz: Billboard
5
Music Artist by Three 2010s hits
6
5X2 Blitz: Billboard II
7
Singers Born in the 1930s
8
5X2 Blitz: Album
9
5X2 Blitz: Rock
10
5X2 Blitz: Singers
Explore More
Trending Topics
NBA
Marvel
Anime
Disney
Kpop
Crossword
Harry Potter
Soccer
The Office
Pokémon
NFL
Country
Puzzle
Song
WWE
hide this ad
More By:
Davidos
Quiz
Plays
Rating
Category
Featured
Created
Pokémon Weaknesses with Booby Traps
680,473
3.72
Gaming
Aug 1, 2011
Click the Real Pokémon
309,748
3.44
Gaming
Apr 3, 2012
Harry Potter Characters in All Books
195,797
4.58
Literature
Aug 5, 2011
Clickable Generation 1 Pokémon
125,731
4.54
Gaming
Apr 22, 2012
SpongeBob or Patrick?
76,262
4.57
Television
Apr 21, 2012
Go to Creator's Profile
Score Distribution
Quiz Creator Spotlight
Davidos
Follow
Send a Message
Quizzes Created
-
Created Quiz Play Count
-
More By This Creator
Popular Quizzes Today
1
Find the US States - No Outlines Minefield
2
Colored Red Africa Blitz
3
Find the 'City' Movie
4
The Countries of the World
5
Find the US States
6
5x2 Blitz: Bands
7
Find the Countries of Europe - No Outlines Minefield
8
US States
More Music Quizzes
Can You Fill Me In? 2010s Songs VII
Quiz Lab
Trending Quizzes
Colored Red Europe Blitz I
Colored Red Europe Blitz II
Colored Red Africa Blitz II
Colored Red Europe Blitz III
Colored Red Africa Blitz III
Recently Updated
Odd Team Out - Big 4 Players
pecheneg
Quick Pick: 20 Twenties
pecheneg
March Madness Men's Triple Doubles
pecheneg
How Do You Spell That?
pecheneg
Godzilla Movies
pecheneg
Grab Bag: 4-10 Letters
pecheneg
2024 March Madness Bracket
pecheneg
Famous TV Couples
Peacemaker
Champions League XIs: Real Madrid
pecheneg
Largest US Cities 1790-2010
pecheneg
Trending Topics
NBA
Crossword
Disney
Harry Potter
Anime
Marvel
Kpop
NFL
Soccer
Puzzle
WWE
Country
Pokémon
The Office
Song
Your Account Isn't Verified!
In order to create a playlist on Sporcle, you need to verify the email address you used during registration. Go to your
Sporcle Settings
to finish the process.
Report this User
Report this user for behavior that violates our
Community Guidelines
.
Details:
Send Report
Go to the Sporcle.com Mobile Site →
Comments